| 000 | 00807nam a2200241Ia 4500 | ||
|---|---|---|---|
| 005 | 20250108124849.0 | ||
| 008 | 008 250107s9999 xx 000 0 hin d | ||
| 020 | _a978-93-80118-43-7 | ||
| 037 | _aTB | ||
| 040 |
_aCRL _bhin _cCRL |
||
| 041 |
_ahin _2hin |
||
| 084 | _aT 152R2 | ||
| 084 | _qCRL | ||
| 100 | _aशर्मा, हरवंशलाल, संपा. | ||
| 245 | 0 |
_aसूरदास _cशर्मा, हरवंशलाल, संपा. |
|
| 260 |
_aदिल्ली, भारत _bराधाकृष्ण _c2483 |
||
| 300 | _a265पृ0 | ||
| 365 |
_aINR _b200 |
||
| 490 | _ajk/kkd`".k ewY;kadu ekyk | ||
| 650 |
_aहिन्दी कविताहिन्दी साहित्य _9729733 |
||
| 942 |
_cTB _hT 152R2 |
||
| 999 |
_c1234871 _d1234871 |
||